[Event "Olympiad Women 2024"]
[Site "Budapest HUN"]
[Date "2024.09.11"]
[Round "1.19"]
[Board "1"]
[White "Chuemsakul, Sarocha"]
[Black "Gajcin, Marina"]
[Result "1/2-1/2"]
[WhiteElo "1906"]
[BlackElo "2253"]
[PlyCount "215"]
[EventDate "2024.09.11"]
[WhiteTeam "Thailand"]
[BlackTeam "Serbia"]
[WhiteTeamCountry "THA"]
[BlackTeamCountry "SRB"]

1. d4 Nf6 2. c4 e6 3. Nf3 Bb4+ 4. Bd2 a5 5. a3 Bxd2+ 6. Nbxd2 Nc6 7. e4 d6 8. Bd3 e5 9. d5 Ne7 10. c5 $146 ({RR} 10. Nf1 a4 11. Ne3 Nd7 12. O-O Ng6 13. Nf5 O-O 14. g3 Nc5 15. Bc2 Qf6 16. Kg2 Nxe4 17. Nh6+ gxh6 18. Bxe4 Bf5 19. Qd3 Qg7 20. Kh1 Bh3 {0-1 Jacobsen,H (1873)-Nielsen,H (2396) FAI-ch Runavik 2020 (1)}) 10... O-O 11. cxd6 cxd6 12. h3 Ng6 13. O-O Nf4 14. Bb5 N6h5 15. Kh2 Bd7 16. Qa4 Nf6 17. Bxd7 Nxd7 18. g3 Ng6 19. Qb5 f5 20. Kg2 Nc5 21. exf5 Rxf5 22. b4 Qd7 23. Qxd7 Nxd7 24. Ne4 Ne7 25. Nxd6 e4 26. Nxe4 Rxd5 27. Rfd1 Nb6 28. Nc5 axb4 29. axb4 Rxa1 30. Rxa1 Nc6 31. Nxb7 Rb5 32. Re1 Nc4 33. Nc5 Nxb4 34. Ne4 h6 35. Nc3 Rb8 36. Re7 Nd6 37. Nd4 Rc8 38. Nce2 Nc6 39. Nxc6 Rxc6 40. Nd4 Rc8 41. Rd7 Ne8 42. Ne6 g5 43. g4 Rc6 44. Re7 Nf6 45. Nd4 Ra6 46. Nf5 Nd5 47. Rg7+ Kh8 48. Rd7 Nf4+ 49. Kh2 Ra3 50. Ne3 Ra2 51. Kg3 Ng6 52. Nd5 Ra6 53. Rf7 Kg8 54. Rf6 Rxf6 55. Nxf6+ Kf7 56. Nh5 Ne5 57. f4 gxf4+ 58. Kxf4 Nd3+ 59. Kg3 Ne5 60. Nf4 Kg7 61. h4 Kf6 62. Nd5+ Ke6 63. Nf4+ Kf6 64. Ne2 Kg7 65. Nd4 Kf6 66. h5 Nf7 67. Kf4 Ne5 68. Nf5 Nf7 69. Ng3 Kg7 70. Ne4 Nd8 71. Ke5 Nc6+ 72. Kd6 Nd4 73. Ke7 Nc6+ 74. Kd6 Nd4 75. Kd5 Nf3 76. Nd6 Nh2 77. Nf5+ Kh7 78. Ne3 Nf3 79. Ke6 Ng5+ 80. Ke7 Ne4 81. Nd5 Kg7 82. Ne3 Nf2 83. Ke6 Ne4 84. Nf5+ Kh7 85. Kf7 Nf2 86. Ne3 Ne4 87. Nd5 Ng5+ 88. Kf8 Ne6+ 89. Ke7 Ng5 90. Nf4 Ne4 91. Ng6 Kg7 92. Ke6 Nf2 93. Kf5 Nd1 94. Ne5 Nc3 95. Nf3 Nd5 96. g5 Ne7+ 97. Kg4 hxg5 98. Kxg5 Ng8 99. Nd4 Nh6 100. Nf5+ Nxf5 101. Kxf5 Kh6 102. Kg4 Kh7 103. Kg5 Kg7 104. h6+ Kh7 105. Kh5 Kh8 106. Kg6 Kg8 107. h7+ Kh8 108. Kh6 1/2-1/2

[Event "Olympiad Women 2024"]
[Site "Budapest HUN"]
[Date "2024.09.11"]
[Round "1.19"]
[Board "2"]
[White "Velikic, Adela"]
[Black "Prommuang, Araya"]
[Result "1-0"]
[WhiteElo "2260"]
[BlackElo "1753"]
[PlyCount "93"]
[EventDate "2024.09.11"]
[WhiteTeam "Serbia"]
[BlackTeam "Thailand"]
[WhiteTeamCountry "SRB"]
[BlackTeamCountry "THA"]

1. e4 c5 2. Nf3 e6 3. d4 cxd4 4. Nxd4 Nf6 5. Nc3 Nc6 6. Ndb5 d6 7. Bf4 e5 8. Bg5 a6 9. Na3 b5 10. Nd5 Be7 11. Bxf6 Bxf6 12. c3 Ne7 13. Nxe7 Qxe7 14. c4 ({RR} 14. g3 Bb7 15. Bg2 Bg5 16. O-O O-O 17. Nc2 a5 18. Qe2 Ba6 19. Rfd1 Rfc8 20. Ne3 b4 21. Qe1 Bxe3 22. Qxe3 bxc3 23. bxc3 Rc6 24. Bf1 Bxf1 25. Kxf1 Rac8 26. Rd3 Qc7 27. Rb1 h6 28. Rb5 a4 {0-1 Shtyrenkov,V (2382)-Iljin,T (2509) Alushta Autumn 1st 2011 (10)}) ({RR} 14. Nc2 Bb7 15. Bd3 Rd8 16. a4 d5 17. Qe2 O-O 18. axb5 axb5 19. O-O Bg5 20. Ra7 Qc7 21. exd5 Qb6 22. Rfa1 Bxd5 {0-1 Eggleston,T (2188)-Chen,J (2371) Titled Tue 13th Feb Early 2024 (3)}) 14... b4 $146 ({RR} 14... O-O 15. cxb5 Bb7 16. Bd3 axb5 17. Nxb5 d5 18. O-O dxe4 19. Bc4 Rad8 20. Qe2 Bg5 21. Rad1 Qc5 22. Kh1 Rd4 23. Nxd4 exd4 24. b3 d3 25. Bxd3 exd3 26. Qxd3 Qc6 27. Rg1 Bf4 28. f3 g5 29. h3 {0-1 Fernandez Cazorla,A (2280)-Castany Pampalona,L (2175) Catalunya-ch 1996 (5)}) ({RR} 14... Bb7 15. Bd3 O-O 16. O-O b4 17. Nc2 a5 18. Ne3 g6 19. Nd5 Qd8 20. Qe2 Bg5 21. g3 f5 22. f4 Bxd5 23. cxd5 fxe4 24. Qxe4 exf4 25. gxf4 Qb6+ 26. Kh1 Rae8 27. Qg2 Bf6 28. Bf5 Qd4 29. Be6+ {½-½ Machaj,B (2196)-Szromba,K (2031) POL-ch U16 Zakopane 2001 (4)}) 15. Nc2 a5 16. Be2 Bb7 17. Qd3 O-O 18. O-O Bc6 19. Rfd1 Qb7 20. Bf3 Be7 21. Re1 g6 22. Rad1 Rac8 23. Ne3 f5 24. Nc2 Kh8 25. b3 Rfd8 26. exf5 Bxf3 27. Qxf3 Qxf3 28. gxf3 gxf5 29. Rd5 Ra8 30. Kf1 f4 31. Nd4 Rd7 32. Nc6 Bf6 33. Nxe5 Bxe5 34. Rexe5 dxe5 35. Rxd7 Rc8 36. Rd5 a4 37. Rxe5 axb3 38. axb3 Rd8 39. Ke2 Ra8 40. Rb5 Ra2+ 41. Kf1 Rc2 42. Rxb4 Kg7 43. Rb5 Kf6 44. Kg2 Ke6 45. h4 Rb2 46. h5 Rc2 47. Kh3 1-0

[Event "Olympiad Women 2024"]
[Site "Budapest HUN"]
[Date "2024.09.11"]
[Round "1.19"]
[Board "3"]
[White "Mekarapiruk, Nathasha"]
[Black "Mandura, Tijana"]
[Result "0-1"]
[WhiteElo "1728"]
[BlackElo "2207"]
[PlyCount "94"]
[EventDate "2024.09.11"]
[WhiteTeam "Thailand"]
[BlackTeam "Serbia"]
[WhiteTeamCountry "THA"]
[BlackTeamCountry "SRB"]

1. e4 e5 2. Nf3 Nc6 3. d4 exd4 4. Nxd4 Bc5 5. Nb3 Bb6 6. Nc3 d6 7. Qe2 a5 8. Be3 a4 9. Bxb6 axb3 10. Be3 bxa2 11. Rxa2 Rxa2 12. Nxa2 Nge7 13. Qh5 $146 ({RR} 13. Nc3 O-O 14. Qd2 Be6 15. Be2 f5 16. O-O h6 17. Re1 Qd7 18. Bf1 fxe4 19. Nxe4 Nf5 20. Ng3 Nxe3 21. Qxe3 Bf7 22. Qd2 Re8 23. Rxe8+ Qxe8 24. h3 Qe5 25. c3 Na5 26. Qd1 b6 27. Qa4 Qe8 {0-1 Horvath,D (2483)-Demchenko,A (2654) Titled Tuesday intern op 08th Feb Late blitz 2022 (9)}) ({RR} 13. Nc3 O-O 14. Qd2 f5 15. f3 fxe4 16. Nxe4 d5 17. Ng3 Nf5 18. Nxf5 Bxf5 19. Be2 d4 20. Bf2 d3 21. cxd3 Nd4 22. O-O Nxe2+ 23. Qxe2 Qxd3 24. Qe5 Qd7 25. Rc1 c6 26. Re1 Bg6 27. h4 Re8 {½-½ Gavrilescu,D (2534)-Hracek,Z (2550) Bundesliga 2023-24 (6.3)}) ({RR} 13. Nc3 O-O 14. Qd2 f5 15. Bd3 fxe4 16. Bxe4 Bf5 17. Bf3 Qd7 18. O-O Bg4 19. Be4 Bf5 20. f3 h6 21. Re1 Bxe4 22. Nxe4 Ne5 23. Bd4 N7c6 24. Bxe5 Nxe5 25. Qd5+ Qf7 26. Qxb7 Qc4 27. Qb3 Qxb3 {½-½ Gabuzyan,H (2557)-Burke,J (2522) Pan American Intercollegiate-chT rapid 2021 (8)}) 13... Be6 14. Nc1 d5 15. e5 d4 16. Bd2 Qd5 17. Nd3 O-O 18. Be2 Qxg2 19. Bf3 Qh3 20. Qxh3 Bxh3 21. Bxc6 Nxc6 22. f4 Ra8 23. Ke2 Bg4+ 24. Kf2 Ra2 25. Rb1 Bf5 26. Ke2 f6 27. exf6 gxf6 28. Rg1+ Kf7 29. c3 Ra8 30. Nc5 Ra5 31. b4 Ra2 32. cxd4 Nxd4+ 33. Ke3 Rxd2 34. Kxd2 Nf3+ 35. Ke3 Nxg1 36. Nxb7 Ke7 37. Kf2 Nh3+ 38. Kg3 Kd7 39. b5 h5 40. Nc5+ Kd6 41. Na6 Bc8 42. Nb8 Kc5 43. Nc6 Bg4 44. Na7 Kb6 45. Nc6 Kxb5 46. Nd4+ Kc5 47. Nc2 f5 0-1

[Event "Olympiad Women 2024"]
[Site "Budapest HUN"]
[Date "2024.09.11"]
[Round "1.19"]
[Board "4"]
[White "Eric, Jovana"]
[Black "Khantree, Napat"]
[Result "1-0"]
[WhiteElo "2162"]
[BlackElo "1711"]
[PlyCount "52"]
[EventDate "2024.09.11"]
[WhiteTeam "Serbia"]
[BlackTeam "Thailand"]
[WhiteTeamCountry "SRB"]
[BlackTeamCountry "THA"]

1. e4 e5 2. Nf3 Nc6 3. Bc4 Bc5 4. d3 Nf6 5. Nc3 d6 6. Bg5 h6 7. Bxf6 Qxf6 8. Nd5 Qd8 9. c3 a6 10. a4 ({RR} 10. h3 Ba7 11. d4 O-O 12. O-O Re8 13. Re1 Be6 14. Qd2 b5 15. Bb3 Na5 16. Qc2 exd4 17. cxd4 c5 18. Qd2 Nc6 19. dxc5 dxc5 20. Rad1 c4 21. Bc2 Bc5 22. Bb1 Ra7 23. Qc2 Rd7 24. b3 Nb4 {½-½ Franzoni,G (2390)-Campora,D (2550) Bern 1987}) 10... a5 $146 ({RR} 10... Ne7 11. d4 exd4 12. Nxd4 Nxd5 13. Bxd5 O-O 14. O-O Qh4 15. Qf3 c6 16. Ba2 Bxd4 17. cxd4 Be6 18. Rfe1 Bxa2 19. Rxa2 Rae8 20. g3 Qd8 21. Raa1 Qb6 22. Qc3 Re6 23. Re3 Rfe8 24. Rae1 Qd8 25. d5 {½-½ Dimer,J-Metger,J Niederelbe Congress-01 Championship 1897 (1)}) ({RR} 10... Ba7 11. h3 O-O 12. O-O Ne7 13. d4 Ng6 14. Qd2 c6 15. Ne3 Qf6 16. dxe5 dxe5 17. Nh2 h5 18. Rad1 Nf4 19. Kh1 Be6 20. Bxe6 fxe6 21. Nc4 Rad8 22. Qc2 Qg5 23. f3 Qg3 24. a5 Kh7 25. Nb6 {1-0 Yuan,Q (2373)-Kim,S (2295) Titled Tuesday intern op 04th Oct Early blitz 2022 (8)}) ({RR} 10... O-O 11. b4 Ba7 12. h3 Ne7 13. Ne3 Ng6 14. h4 c6 15. g3 Re8 16. h5 Nf8 17. Nh4 Bxe3 18. fxe3 d5 19. exd5 cxd5 20. Bb3 Qg5 21. Kd2 d4 22. Qf3 Be6 23. Bd1 dxc3+ 24. Kc2 e4 25. dxe4 {0-1 Prokes,L-Gruenfeld,E Bad Pistyan Breyer Memorial-A 1922 (17)}) 11. O-O Bd7 12. d4 exd4 13. cxd4 Ba7 14. h3 O-O 15. Re1 Be6 16. Rc1 Rc8 17. Qd2 Kh8 18. b3 f5 19. Nf4 Bf7 20. exf5 Qf6 21. Be6 Rb8 22. Nd5 Qd8 23. f6 Bxe6 24. fxg7+ Kxg7 25. Rxe6 Rh8 26. Qd3 Rh7 1-0

[Event "Olympiad Women 2024"]
[Site "Budapest HUN"]
[Date "2024.09.11"]
[Round "1.20"]
[Board "2"]
[White "Mefteh, Meyssem"]
[Black "Luong Phuong Hanh"]
[Result "0-1"]
[WhiteElo "1834"]
[BlackElo "2225"]
[PlyCount "200"]
[EventDate "2024.09.11"]
[WhiteTeam "Tunisia"]
[BlackTeam "Vietnam"]
[WhiteTeamCountry "TUN"]
[BlackTeamCountry "VIE"]

1. d4 Nf6 2. c4 g6 3. Nc3 d5 4. Bg5 Ne4 5. Bh4 Nxc3 6. bxc3 dxc4 7. e3 Be6 8. Nf3 Bg7 9. Qb1 Qd5 ({RR} 9... b6 10. Be2 c5 11. O-O O-O 12. Rd1 Nd7 13. dxc5 Qe8 14. c6 Nc5 15. Nd4 Bd5 16. Qb5 Rc8 17. Bxc4 Bxc6 18. Nxc6 Rxc6 19. Rac1 Rc7 20. Bg3 Qxb5 21. Bxb5 Rcc8 22. f3 a6 23. Be2 b5 24. Be1 {½-½ Aronian,L (2786)-Svidler,P (2754) Moscow Tal Memorial 4th 2009 (1)}) 10. Be2 ({RR} 10. Ng5 Bd7 11. e4 Qa5 12. Qb4 Qxb4 13. cxb4 Bxd4 14. O-O-O e5 15. Bxc4 O-O 16. f4 a5 17. fxe5 Bxe5 18. Nxf7 Rxf7 19. Rhf1 Kh8 20. Rxf7 axb4 21. Bg5 Ra3 22. Rf8+ Kg7 23. Rg8# {1-0 Senft,S (2054)-Mende,A (2101) Titled Tue 2nd Apr Early 2024 (2)}) 10... O-O $146 ({RR} 10... Bf5 11. Qb4 c5 12. Qb5+ Qc6 13. Qxc4 cxd4 14. cxd4 Qxc4 15. Bxc4 Nc6 16. O-O Rc8 17. Rfc1 O-O 18. Bb5 Rfe8 19. Bxc6 bxc6 20. Rc5 Be4 21. Rac1 Rb8 22. Ra5 Rb7 23. Bg3 Ra8 24. h3 Rb5 25. Ra6 {½-½ Malhotra,A (1933)-Corallo,M (2177) Arlington DC op 1st 2013 (6)}) ({RR} 10... Nd7 11. O-O b5 12. e4 Qb7 13. Ng5 Nb6 14. Nxe6 fxe6 15. Qxb5+ c6 16. Qb4 O-O 17. Bxc4 Qd7 18. Bb3 c5 19. Qxc5 Rfc8 20. Qxe7 Qxe7 21. Bxe7 Rxc3 22. Bxe6+ Kh8 23. d5 Rc2 24. Rac1 Rxa2 25. Rfd1 {1-0 Todorovic,B (2268)-Schut,H (2101) Titled Tuesday intern op 01st June blitz 2021 (11)}) 11. Bxe7 Bf5 12. Qb2 Re8 13. Bh4 Nd7 14. O-O Nb6 15. a4 Qa5 16. Qa2 Bd3 17. Bxd3 cxd3 18. Rfd1 c5 19. Rxd3 c4 20. Rdd1 Rac8 21. Rdc1 Nd5 22. Qb2 Qc7 23. Qb5 Nf6 24. Bxf6 Bxf6 25. Rab1 b6 26. Nd2 Bg7 27. Rb4 Qe7 28. Rxc4 Rcd8 29. Rc6 Bh6 30. Re1 Bf8 31. Qc4 Rd7 32. Nf3 Bg7 33. Rc8 Rxc8 34. Qxc8+ Rd8 35. Qc4 Qd7 36. Qb5 Qe7 37. Qg5 Bf6 38. Qb5 Qe4 39. Qa6 Qe7 40. Qc4 Qd7 41. Rb1 Rc8 42. Qb3 Qf5 43. Rd1 g5 44. h3 h5 45. Rc1 g4 46. hxg4 hxg4 47. Nh2 g3 48. fxg3 Bg5 49. c4 Qe4 50. Nf1 Rc6 51. Re1 Rh6 52. Qb1 Qg4 53. Qd1 Qe4 54. Qf3 Qh7 55. e4 Rh1+ 56. Kf2 Qg7 57. e5 Be7 58. Re4 Kh8 59. Rg4 Qf8 60. e6 f5 61. Rf4 Qf6 62. Qe3 Bd6 63. e7 Bxe7 64. Qe5 Qxe5 65. dxe5 Bc5+ 66. Ke2 Rg1 67. Rxf5 Rxg2+ 68. Kd1 Ra2 69. e6 Kg8 70. g4 Rxa4 71. g5 Rxc4 72. Nd2 Rd4 73. Kc2 Be7 74. g6 Rd6 75. Re5 Kg7 76. Nc4 Rc6 77. Kb3 Kxg6 78. Re1 Kf5 79. Na3 Bxa3 80. e7 Bxe7 81. Rxe7 a6 82. Kb4 Rc5 83. Re3 Re5 84. Rd3 Re4+ 85. Ka3 Ke5 86. Rd2 Rd4 87. Rc2 Kd5 88. Kb3 a5 89. Rc1 b5 90. Rc2 Rd3+ 91. Kb2 a4 92. Rc7 Rh3 93. Rg7 Kc5 94. Rg5+ Kb4 95. Rg4+ Ka5 96. Rg5 a3+ 97. Ka2 Ka4 98. Rg4+ b4 99. Rg2 b3+ 100. Ka1 Rh1+ 0-1

[Event "Olympiad Women 2024"]
[Site "Budapest HUN"]
[Date "2024.09.11"]
[Round "1.20"]
[Board "3"]
[White "Bach Ngoc Thuy Duong"]
[Black "Ben Amor, Meriem"]
[Result "1-0"]
[WhiteElo "2214"]
[BlackElo "1733"]
[PlyCount "43"]
[EventDate "2024.09.11"]
[WhiteTeam "Vietnam"]
[BlackTeam "Tunisia"]
[WhiteTeamCountry "VIE"]
[BlackTeamCountry "TUN"]

1. d4 Nf6 2. c4 e6 3. Nc3 Bb4 4. Qc2 O-O 5. a3 Bxc3+ 6. Qxc3 d5 7. Bg5 dxc4 8. Qxc4 b6 9. Rd1 Ba6 10. Qa4 Qd5 11. Bxf6 gxf6 12. e3 Bxf1 13. Kxf1 Rc8 $146 ({RR} 13... Rd8 14. Ne2 b5 15. Qc2 c5 16. h4 Nc6 17. Rh3 cxd4 18. exd4 Rac8 19. Rg3+ Kh8 20. Qd2 Rg8 21. Qf4 Rxg3 22. Nxg3 Kg7 23. Qg4+ Kf8 24. Qf4 Ke7 25. Ne4 Rg8 26. Qxf6+ Ke8 27. Qf3 Ke7 28. Qf6+ {0-1 Arauz Alonso,F (2129)-Goluch,P (2339) 34th Roquetas de Mar Open 2023 (4.20)}) 14. Ne2 a5 15. Nc3 Qb7 16. d5 Kh8 17. Qh4 Rg8 18. Qxf6+ Rg7 19. dxe6 Qxg2+ 20. Ke2 Qg4+ 21. Ke1 Na6 22. e7 1-0

[Event "Olympiad Women 2024"]
[Site "Budapest HUN"]
[Date "2024.09.11"]
[Round "1.20"]
[Board "4"]
[White "Gamha, Yasmine"]
[Black "Le Thanh Tu"]
[Result "0-1"]
[WhiteElo "1679"]
[BlackElo "2092"]
[PlyCount "62"]
[EventDate "2024.09.11"]
[WhiteTeam "Tunisia"]
[BlackTeam "Vietnam"]
[WhiteTeamCountry "TUN"]
[BlackTeamCountry "VIE"]

1. e4 e6 2. d4 d5 3. Nc3 Nf6 4. e5 Nfd7 5. f4 c5 6. Nf3 Nc6 7. Be3 cxd4 8. Nxd4 Bc5 9. Qd2 a6 10. g3 ({RR} 10. Nce2 Qe7 11. O-O-O f6 12. Nxc6 bxc6 13. Nd4 Bxd4 14. Bxd4 fxe5 15. fxe5 c5 16. Be3 O-O 17. Bg5 Qe8 18. Be2 Nxe5 19. Qe3 Nd7 20. Bg4 Nf6 21. Bxf6 Rxf6 22. Qxc5 Qf8 23. Qe3 Rb8 24. a3 Bd7 {0-1 Svidler,P (2688)-Short,N (2663) FIDE GP Dubai rapid 2002 (1.5)}) 10... O-O 11. Be2 $146 ({RR} 11. Bg2 Qc7 12. Nce2 Ba7 13. O-O Nc5 14. c3 Bd7 15. Rac1 Rfd8 16. Rfd1 Rac8 17. Qe1 Be8 18. Nxc6 bxc6 19. Qf2 Qe7 20. b4 Ne4 21. Bxe4 Bxe3 22. Bxh7+ Kxh7 23. Qxe3 c5 24. bxc5 Rxc5 25. Nd4 Kg8 {½-½ Spassky,B (2545)-Timman,J (2655) VAM Hoogeveen 2nd 1998 (2)}) ({RR} 11. Bg2 Qc7 12. Nce2 b5 13. Nxc6 Qxc6 14. Nd4 Qc7 15. O-O Bb7 16. c3 Rac8 17. Rfc1 Nb6 18. b3 Rfd8 19. Bf1 Be7 20. Qf2 Nd7 21. b4 Qb8 22. Nf3 Rc6 23. Nd4 Rc7 24. Rc2 Rdc8 25. Rac1 Rc4 {½-½ Pallardo Lozoya,J (2357)-Villanueva,M (2480) Valencia Cuna op 2021 (4)}) ({RR} 11. Bg2 Nxd4 12. Bxd4 b5 13. Ne2 Qb6 14. O-O Bb7 15. Kh1 f6 16. exf6 Nxf6 17. Bxc5 Qxc5 18. Nd4 Qb6 19. c3 Rae8 20. Rae1 Ne4 21. Qe2 e5 22. fxe5 Rxe5 23. Rxf8+ Kxf8 24. Rf1+ Kg8 25. Bxe4 dxe4 {1-0 Kourkoulos Arditis,S (1784)-Gouloutis,N GRE-ch U10 Kallithea 2008 (7)}) 11... Qe7 12. O-O-O Bxd4 13. Bxd4 b5 14. Rhe1 b4 15. Na4 Nxd4 16. Qxd4 Bb7 17. Bd3 Rfc8 18. f5 Qg5+ 19. Kb1 a5 20. h4 Qh6 21. g4 Ba6 22. g5 Qh5 23. fxe6 fxe6 24. Bf5 Qe8 25. Bh3 Rc6 26. Bf1 Bxf1 27. Rxf1 Rac8 28. Rd2 Qg6 29. Rc1 Qf5 30. Qa7 Nxe5 31. Qe3 Nc4 0-1

[Event "Olympiad Women 2024"]
[Site "Budapest HUN"]
[Date "2024.09.11"]
[Round "1.21"]
[Board "1"]
[White "Wilson, Hannah"]
[Black "Georgescu, Lena"]
[Result "0-1"]
[WhiteElo "1888"]
[BlackElo "2266"]
[PlyCount "72"]
[EventDate "2024.09.11"]
[WhiteTeam "Barbados"]
[BlackTeam "Switzerland"]
[WhiteTeamCountry "BAR"]
[BlackTeamCountry "SUI"]

1. d4 Nf6 2. c4 e6 3. Nc3 Bb4 4. Qc2 O-O 5. Bg5 c5 6. dxc5 Bxc5 7. e3 h6 8. Bh4 b6 9. Nf3 Bb7 10. Be2 Be7 11. O-O Na6 $146 ({RR} 11... d6 12. Rfd1 a6 13. Rac1 Ra7 14. Bg3 Nh5 15. Ng5 hxg5 16. Bxh5 Ba8 17. Be2 Nc6 18. a3 Rd7 19. b4 f5 20. f3 Kh8 21. Na4 a5 22. Qb3 axb4 23. axb4 Rf6 24. Bf2 d5 25. cxd5 exd5 26. e4 {½-½ Kovacs,L-Renman,N (2425) Eksjo-08 grupp B 1980 (1)}) ({RR} 11... d6 12. Rfd1 a6 13. Rac1 Nbd7 14. Bg3 Qc7 15. Qd2 Ne5 16. Nxe5 dxe5 17. Qc2 Nd7 18. Qb1 f5 19. h3 f4 20. exf4 exf4 21. Bh2 Nf6 22. Qg6 Bb4 23. Bd3 Rad8 24. Ne2 e5 25. c5 bxc5 26. a3 {0-1 Juarez Flores,C (2392)-Edouard,R (2635) Olympiad-42 Baku 2016 (1.2)}) ({RR} 11... d6 12. Rfd1 Nbd7 13. Bg3 Nc5 14. Nd2 Qb8 15. b4 Ncd7 16. Nb3 Rc8 17. Nd4 a6 18. Qb3 Ne5 19. Na4 Qa7 20. f3 Nfd7 21. f4 Nc6 22. Nc3 Nf6 23. Bf2 d5 24. a3 Nxd4 25. Rxd4 dxc4 26. Bxc4 {½-½ Karttunen,M-Joentausta,H Lahti op 1996 (2)}) 12. Rfd1 Nc5 13. Ne5 d6 14. Nb5 a6 15. Nc3 Qc7 16. Nd3 Rfd8 17. b4 Ncd7 18. Bg3 Rac8 19. Rac1 Qb8 20. Qb3 Qa8 21. f3 d5 22. Nf4 g5 23. Nh3 Bf8 24. cxd5 exd5 25. Rf1 Re8 26. Na4 b5 27. Nb2 Bg7 28. Rcd1 Nb6 29. Nf2 Nh5 30. Bd6 Rc3 31. Qxc3 Bxc3 32. f4 Nf6 33. fxg5 hxg5 34. Nfd3 Nc4 35. Bc5 Nxb2 36. Nxb2 Bxb2 0-1

[Event "Olympiad Women 2024"]
[Site "Budapest HUN"]
[Date "2024.09.11"]
[Round "1.21"]
[Board "2"]
[White "Hakimifard, Ghazal"]
[Black "Blackman, Katrina"]
[Result "1-0"]
[WhiteElo "2192"]
[BlackElo "1814"]
[PlyCount "73"]
[EventDate "2024.09.11"]
[WhiteTeam "Switzerland"]
[BlackTeam "Barbados"]
[WhiteTeamCountry "SUI"]
[BlackTeamCountry "BAR"]

1. e4 e6 2. d4 d5 3. Nd2 Nf6 4. e5 Nfd7 5. c3 c5 6. Bd3 Nc6 7. Ngf3 cxd4 8. cxd4 f6 9. exf6 Nxf6 10. O-O Bd6 11. Re1 O-O 12. Nf1 Qc7 ({RR} 12... Qb6 13. a3 Kh8 14. Bc2 Bd7 15. Ng3 Ng4 16. Qd3 g6 17. h3 Nxf2 18. Kxf2 Nxd4 19. Be3 Bxg3+ 20. Kxg3 Qd6+ 21. Kf2 Nxf3 22. Ke2 Nxe1 23. Rxe1 e5 24. Kd1 Bf5 25. Qd2 Bxc2+ 26. Kxc2 d4 27. Bh6 {1-0 Nepomniachtchi,I (2794)-Bluebaum,M (2669) Titled Tue 30th May Early 2023 (11)}) 13. Bd2 ({RR} 13. Bg5 Bd7 14. Rc1 Bf4 15. Bxf4 Qxf4 16. Ng3 Kh8 17. Bb1 Rae8 18. Ne5 Nxe5 19. Rxe5 Ng4 20. Rh5 Qxf2+ 21. Kh1 Nf6 22. Rh4 e5 23. Rc2 Qe3 24. Re2 Qg5 25. Rh3 Bxh3 26. gxh3 exd4 27. Rg2 Qf4 {0-1 Gulecyuz,D (1985)-Golubenko,V (2209) Titled Tue 13th Feb Early 2024 (7)}) 13... Bd7 14. Bc3 $146 ({RR} 14. Qc2 Qb6 15. Bc3 Nb4 16. Bxb4 Bxb4 17. Re2 Rfe8 18. a3 Bd6 19. Rae1 Rac8 20. Qd2 Bb5 21. Bxb5 Qxb5 22. Rxe6 Rxe6 23. Rxe6 Ne4 24. Qe3 Qd7 25. Rxe4 dxe4 26. Qxe4 Re8 27. Qd5+ Qe6 28. Qxe6+ Rxe6 {0-1 Mallet,C (2007)-Goczo,M (2226) EU-ch U16 Girls 1999 (2)}) ({RR} 14. Rc1 Rae8 15. Ne5 Qb8 16. Nxd7 Nxd7 17. Bb5 Nf6 18. Bxc6 bxc6 19. Rxc6 Ne4 20. f3 Nxd2 21. Nxd2 Bxh2+ 22. Kf1 Qb5+ {0-1 Gousseinov,A (1985)-Wurm,A (2111) Arco op 36th 2014 (6)}) 14... Rac8 15. a3 a5 16. Rc1 h6 17. Ne5 b6 18. Ng3 Nd8 19. Bb1 Be8 20. Qd3 Qe7 21. Bd2 Rxc1 22. Rxc1 g5 23. Re1 Bxe5 24. Rxe5 Qg7 25. b4 a4 26. b5 Ng4 27. Re2 Qf7 28. f3 Nf6 29. Bb4 Nb7 30. Bc2 Na5 31. Bxa4 Nc4 32. Bxf8 Kxf8 33. Ne4 Nh5 34. g3 Qc7 35. Nf2 Nb2 36. Rxb2 Qc1+ 37. Nd1 1-0

[Event "Olympiad Women 2024"]
[Site "Budapest HUN"]
[Date "2024.09.11"]
[Round "1.21"]
[Board "3"]
[White "Reifer-Belle, Chanon"]
[Black "Hryzlova, Sofiia"]
[Result "1/2-1/2"]
[WhiteElo "1736"]
[BlackElo "2188"]
[PlyCount "90"]
[EventDate "2024.09.11"]
[WhiteTeam "Barbados"]
[BlackTeam "Switzerland"]
[WhiteTeamCountry "BAR"]
[BlackTeamCountry "SUI"]

1. e4 c5 2. c3 d5 3. exd5 Nf6 4. d4 Nxd5 5. Nf3 e6 6. Be2 Be7 7. O-O cxd4 8. cxd4 O-O 9. Nc3 Nc6 10. Be3 b6 11. Rc1 Bb7 12. a3 Rc8 13. Nxd5 $146 ({RR} 13. Qd2 Nxe3 14. Qxe3 Bf6 15. Rfd1 Ne7 16. Ne4 Nd5 17. Nxf6+ Qxf6 18. Qb3 Nf4 19. Bf1 Nh3+ 20. gxh3 Bxf3 21. Bg2 Bxd1 22. Rxd1 Rfd8 23. d5 exd5 24. Bxd5 Rc7 25. Bf3 Qg5+ 26. Kf1 Rxd1+ 27. Bxd1 Qd2 {0-1 Kleeschaetzky,R (2293)-Koch,M (2128) GER-ch Net blitz qual4 2020 (2)}) 13... Qxd5 14. Bc4 Qd6 15. b4 Bf6 16. Qd2 Rfd8 17. Rfd1 Qb8 18. Qe2 Ne7 19. Ng5 Bd5 20. Bd3 h6 21. Rxc8 Qxc8 22. Ne4 Bxe4 23. Bxe4 Nd5 24. Rc1 Qd7 25. Qf3 Qe7 26. Qg3 Bh4 27. Qe5 Qf6 28. Qxf6 Bxf6 29. Kf1 Kf8 30. Ke2 Ke7 31. b5 g5 32. Rc4 Bg7 33. Bd2 Rd7 34. Bxd5 exd5 35. Bb4+ Kd8 36. Rc6 Bxd4 37. Rxh6 Be5 38. h4 gxh4 39. Rxh4 Rc7 40. Rh5 f6 41. Rh8+ Kd7 42. Rh7+ Ke6 43. Rxc7 Bxc7 44. Kd3 f5 45. g3 Ke5 1/2-1/2

[Event "Olympiad Women 2024"]
[Site "Budapest HUN"]
[Date "2024.09.11"]
[Round "1.21"]
[Board "4"]
[White "Manko, Mariia"]
[Black "Eversley, Kiarra"]
[Result "1-0"]
[WhiteElo "2159"]
[BlackElo "1615"]
[PlyCount "53"]
[EventDate "2024.09.11"]
[WhiteTeam "Switzerland"]
[BlackTeam "Barbados"]
[WhiteTeamCountry "SUI"]
[BlackTeamCountry "BAR"]

1. d4 d5 2. c4 c6 3. Nf3 Nf6 4. g3 Bf5 5. Nc3 e6 6. Nh4 Bg4 7. h3 Bh5 8. g4 Bg6 ({RR} 8... Ne4 9. Nxe4 dxe4 10. Qb3 b6 11. Ng2 Bg6 12. Nf4 Qxd4 13. Be3 Qd6 14. Bg2 Qb4+ 15. Qxb4 Bxb4+ 16. Kf1 Nd7 17. Nxg6 hxg6 18. Bxe4 Rc8 19. Kg2 Ne5 20. Rac1 f5 21. Bf4 Nf7 22. Bb1 g5 23. Bh2 {0-1 Ragger,M (2632)-Nguyen,N (2621) Wch Blitz 8th 2014 (16)}) 9. g5 Be4 $146 ({RR} 9... Ne4 10. Nxg6 Nxc3 11. bxc3 hxg6 12. Qb3 Qc8 13. Bg2 Nd7 14. c5 b6 15. cxb6 axb6 16. c4 Bd6 17. a4 O-O 18. h4 f6 19. h5 gxh5 20. Rxh5 Qe8 21. Qh3 f5 22. Rh8+ Kf7 23. g6+ Ke7 24. Bg5+ {0-1 Rios Escobar,A (2276)-Fiorito,J (2271) Titled Tuesday intern op 20th Sep Late blitz 2022 (2)}) ({RR} 9... Nfd7 10. Nxg6 hxg6 11. e4 dxe4 12. Be3 Rh4 13. Bg2 Bb4 14. Qc2 Qa5 15. Bxe4 Na6 16. Bg2 O-O-O 17. O-O-O Bxc3 18. bxc3 Nb6 19. Bf1 Na4 20. Rd3 Nc7 21. Be2 Rdh8 22. Bd2 Nb6 23. Rf3 Rf8 24. c5 {0-1 Bakhrillaev,B (2325)-Kuzhylnyi,O (2238) Titled Tue 27th Feb Early 2024 (5)}) ({RR} 9... Ng8 10. Nxg6 hxg6 11. e4 dxe4 12. a3 Ne7 13. Nxe4 Nf5 14. Be3 Be7 15. Qd2 Nd7 16. Be2 Rh4 17. Bg4 Qb6 18. c5 Qb3 19. Nc3 Nxe3 20. Qxe3 Qxb2 21. O-O b6 22. Rfb1 Qc2 23. Ra2 Bxg5 24. Qxg5 {1-0 Manko,M (2145)-Patuzzo,F (2290) ch-SUI Rapid 2023 (4.7)}) ({RR} 9... Ng8 10. Nxg6 hxg6 11. e4 dxe4 12. Bg2 Ne7 13. Bxe4 Nf5 14. d5 exd5 15. cxd5 Bb4 16. Kf1 O-O 17. h4 Re8 18. Qd3 Qe7 19. Bxf5 gxf5 20. Bd2 Bxc3 21. Bxc3 Qe4 22. Qxe4 Rxe4 23. Rd1 c5 24. h5 {1-0 Suleymenov,A (2509)-Mamatov,M (2368) 29th Abu Dhabi Masters 2023 (1.33)}) 10. f3 Qd6 11. Rg1 Bxf3 12. gxf6 Bxe2 13. fxg7 Bxg7 14. Bxe2 Bf6 15. Nf3 Nd7 16. cxd5 exd5 17. Bg5 O-O-O 18. Qd3 Bxg5 19. Nxg5 Qf4 20. Rg4 Qf6 21. O-O-O h5 22. Rgg1 Rdf8 23. Kb1 Qd6 24. Qg3 Qb4 25. Rge1 a5 26. Nxd5 cxd5 27. Rc1+ 1-0